000 00673nam a2200205 a 4500
001 BRCA_1390
005 20190320203415.0
008 830928s1982 mx-a---##b---f000-0#spa-#
020 _a9685803242
050 4 _aNA5257.P8
_b.S24
_c1982
100 1 _aSalas Cuesta, Marcela
_94546
245 1 0 _aLa iglesia y el convento de Huejotzingo
_cpor Marcela Salas Cuesta.
260 _aMéxico
_bUNAM. Instituto de Investigaciones Estéticas
_c1982
300 _a144 p.
_bil.
_c23 cm.
440 0 _aCuadernos de historia del arte
_n18
_94547
504 _aBibliografía: p. [141]-144
610 2 4 _aConvento de Huejotzingo
_94548
650 1 4 _aConventos
_zMéxico
_94549
942 _2lcc
_cB
999 _c1252
_d1252